F1 Driver Records – Podiums – HARD - Statistics

General Stats
  • This quiz has been taken 63 times
  • The average score is 85 of 141
Answer Stats
Group Rank Nation Answer Hint Hint % Correct
Total podium finishes 1 Flag of United Kingdom Lewis Hamilton 346 201
100%
Total podium finishes 4 Flag of Netherlands Max Verstappen 199 107
98%
Total podium finishes 3 Flag of Germany Sebastian Vettel 300 122
98%
Total podium finishes 5 Flag of Spain Fernando Alonso 394 106
96%
Total podium finishes 7 Flag of Finland Kimi Räikkönen 353 103
96%
Total podium finishes 2 Flag of Germany Michael Schumacher 308 155
96%
Total podium finishes 8 Flag of Brazil Ayrton Senna 162 80
94%
Total podium finishes 5 Flag of France Alain Prost 202 106
91%
Percentage podium finishes 1 Flag of Argentina Juan Manuel Fangio 35 68.63%
89%
Percentage podium finishes 5 Flag of Netherlands Max Verstappen 107 53.77%
89%
Most podium finishes in a season 1 Flag of Netherlands Max Verstappen 2023 21
89%
Most podium finishes in a season 3 Flag of Germany Michael Schumacher 2002 17
89%
Total podium finishes 10 Flag of Finland Valtteri Bottas 237 67
89%
Percentage podium finishes 9 Flag of Brazil Ayrton Senna 80 49.69%
87%
Percentage podium finishes 3 Flag of United Kingdom Lewis Hamilton 201 58.09%
87%
Most podium finishes in a season 3 Flag of United Kingdom Lewis Hamilton 2015 17
87%
Most podium finishes in a season 3 Flag of United Kingdom Lewis Hamilton 2016 17
87%
Most podium finishes in a season 3 Flag of United Kingdom Lewis Hamilton 2018 17
87%
Most podium finishes in a season 3 Flag of United Kingdom Lewis Hamilton 2019 17
87%
Most podium finishes in a season 3 Flag of United Kingdom Lewis Hamilton 2021 17
87%
Most podium finishes in a season 2 Flag of Netherlands Max Verstappen 2021 18
87%
Most podium finishes in a season 3 Flag of Netherlands Max Verstappen 2022 17
87%
Percentage podium finishes 8 Flag of Germany Michael Schumacher 155 50.65%
87%
Total podium finishes 9 Flag of Brazil Rubens Barrichello 326 68
87%
Most podium finishes in a season 3 Flag of Germany Sebastian Vettel 2011 17
87%
Percentage podium finishes 6 Flag of France Alain Prost 106 53.27%
85%
Highest % of podium finishes in a season 2 Flag of Netherlands Max Verstappen 21 95.45%
85%
Highest % of podium finishes in a season 1 Flag of Germany Michael Schumacher 17 100.00%
85%
Youngest drivers to score a podium finish 7 Flag of Monaco Charles Leclerc 21 years, 166 days 2019 Bahrain
81%
Most consecutive podium finishes 3 Flag of Spain Fernando Alonso 15 2005 Turkish – 2006 Canadian
81%
Youngest drivers to score a podium finish 8 Flag of Spain Fernando Alonso 21 years, 237 days 2003 Malaysian
81%
Youngest drivers to score a podium finish 6 Flag of Denmark Kevin Magnussen 21 years, 162 days 2014 Australian
81%
Youngest drivers to score a podium finish 2 Flag of Canada Lance Stroll 18 years, 239 days 2017 Azerbaijan
81%
Highest % of podium finishes in a season 4 Flag of United Kingdom Lewis Hamilton 17 89.47%
81%
Highest % of podium finishes in a season 7 Flag of United Kingdom Lewis Hamilton 16 84.21%
81%
Most consecutive podium finishes 2 Flag of United Kingdom Lewis Hamilton 16 2014 Italian – 2015 British
81%
Most consecutive podium finishes 7 Flag of United Kingdom Lewis Hamilton 10 2018 Brazilian – 2019 French
81%
Most consecutive podium finishes 8 Flag of United Kingdom Lewis Hamilton 9 2018 British – 2018 United States
81%
Most consecutive podium finishes 3 Flag of Netherlands Max Verstappen 15 2022 Abu Dhabi – 2023 Italian
81%
Most consecutive podium finishes 8 Flag of Netherlands Max Verstappen 9 2023 Japanese – 2024 Saudi Arabian
81%
Youngest drivers to score a podium finish 1 Flag of Netherlands Max Verstappen 18 years, 228 days 2016 Spanish
81%
Most consecutive podium finishes 1 Flag of Germany Michael Schumacher 19 2001 United States – 2002 Japanese
81%
Most consecutive podium finishes 8 Flag of Germany Nico Rosberg 9 2015 Australian – 2015 British
81%
Most consecutive podium finishes 8 Flag of Germany Nico Rosberg 9 2016 Belgian – 2016 Abu Dhabi
81%
Highest % of podium finishes in a season 4 Flag of Germany Sebastian Vettel 17 89.47%
81%
Highest % of podium finishes in a season 7 Flag of Germany Sebastian Vettel 16 84.21%
81%
Most consecutive podium finishes 5 Flag of Germany Sebastian Vettel 11 2010 Brazilian – 2011 British
81%
Most consecutive podium finishes 5 Flag of Germany Sebastian Vettel 11 2013 German – 2013 Brazilian
81%
Youngest drivers to score a podium finish 4 Flag of Germany Sebastian Vettel 21 years, 73 days 2008 Italian
81%
Highest % of podium finishes in a season 6 Flag of France Alain Prost 14 87.50%
79%
Most consecutive podium finishes from first race of season 3 Flag of Spain Fernando Alonso 9 Bahrain – Canadian
79%
Most consecutive podium finishes from first race of season 10 Flag of United Kingdom Jenson Button 7 Australian – Turkish
79%
Youngest drivers to score a podium finish 3 Flag of United Kingdom Lando Norris 20 years, 235 days 2020 Austrian
79%
Most consecutive podium finishes 8 Flag of United Kingdom Lewis Hamilton 9 2007 Australian – 2007 British
79%
Most consecutive podium finishes from first race of season 3 Flag of United Kingdom Lewis Hamilton 9 Australian – British
79%
Most consecutive podium finishes from first race of season 3 Flag of United Kingdom Lewis Hamilton 9 Australian – British
79%
Most consecutive podium finishes from first race of season 8 Flag of United Kingdom Lewis Hamilton 8 Australian – French
79%
Most consecutive podium finishes from first race of season 2 Flag of Netherlands Max Verstappen 14 Bahrain – Italian
79%
Most consecutive podium finishes 8 Flag of Germany Michael Schumacher 9 2000 Hungarian – 2001 Brazilian
79%
Most consecutive podium finishes 8 Flag of Germany Michael Schumacher 9 2004 European – 2004 Italian
79%
Most consecutive podium finishes from first race of season 1 Flag of Germany Michael Schumacher 17 Australian – Japanese
79%
Most consecutive podium finishes from first race of season 3 Flag of Germany Nico Rosberg 9 Australian – British
79%
Most consecutive podium finishes from first race of season 8 Flag of Germany Nico Rosberg 8 Australian – Austrian
79%
Youngest drivers to score a podium finish 9 Flag of Poland Robert Kubica 21 years, 278 days 2006 Italian
79%
Most consecutive podium finishes from first race of season 3 Flag of Germany Sebastian Vettel 9 Australian – British
79%
Percentage podium finishes 7 Flag of Italy Alberto Ascari 17 53.13%
77%
Youngest drivers to score a podium finish 5 Flag of Russia Daniil Kvyat 21 years, 91 days 2015 Hungarian
77%
Highest % of podium finishes in a season 10 Flag of United Kingdom Lewis Hamilton 14 82.35%
77%
Highest % of podium finishes in a season 9 Flag of Germany Michael Schumacher 15 83.33%
77%
Most consecutive podium finishes from first race of season 10 Flag of Germany Michael Schumacher 7 Brazilian – French
77%
Most consecutive podium finishes 8 Flag of Austria Niki Lauda 9 1975 Italian – 1976 Swedish
77%
Most consecutive podium finishes from first race of season 10 Flag of Austria Niki Lauda 7 Brazilian – Swedish
77%
Most consecutive podium finishes from first race of season 10 Flag of France Alain Prost 7 Brazilian – French
75%
Most races before scoring a podium finish 1 Flag of Spain Carlos Sainz Jr. 101st race 101st race
75%
Percentage podium finishes 2 Flag of Italy Giuseppe Farina 20[N 9] 60.61%
75%
Most consecutive podium finishes 8 Flag of Brazil Nelson Piquet 9 1987 Monaco – 1987 Portuguese
75%
Highest % of podium finishes in a season 10 Flag of Germany Michael Schumacher 14 82.35%
74%
Most races without scoring a podium finish 1 Flag of Germany Nico Hülkenberg 217 4th
74%
Most consecutive podium finishes 8 Flag of United Kingdom Jim Clark 9 1963 Belgian – 1963 South African
72%
Highest % of podium finishes in a season 3 Flag of United Kingdom Jim Clark 9 90.00%
70%
Youngest drivers to score a podium finish 10 Flag of Germany Ralf Schumacher 21 years, 287 days 1997 Argentine
70%
Most podium finishes without a World Championship 10 Flag of Monaco Charles Leclerc 2018–2024 36
68%
Percentage podium finishes 10 Flag of United Kingdom Jim Clark 32 44.44%
68%
Most podium finishes without a World Championship 8 Flag of Mexico Sergio Pérez 2011–2024 39
68%
Most podium finishes without a World Championship 2 Flag of Finland Valtteri Bottas 2013–2024 67
68%
Oldest drivers to score a podium finish 6 Flag of Argentina Juan Manuel Fangio 46 years, 76 days 1957 Italian
66%
Most podium finishes without a World Championship 1 Flag of Brazil Rubens Barrichello 1993–2011 68
66%
Most podium finishes without a World Championship 7 Flag of Brazil Felipe Massa 2002, 2004–2017 41
62%
Most podium finishes without a World Championship 6 Flag of Australia Mark Webber 2002–2013 42
62%
Most podium finishes before first win 9 Flag of Finland Valtteri Bottas 11
60%
Most podium finishes before first win 9 Flag of Spain Carlos Sainz Jr. 11
58%
Most podium finishes without a World Championship 3 Flag of United Kingdom David Coulthard 1994–2008 62
58%
Most podium finishes without a World Championship 4 Flag of Austria Gerhard Berger 1984–1997 48
57%
Percentage podium finishes 4 Flag of Argentina José Froilán González 15 57.69%
57%
Most races before scoring a podium finish 7 Flag of France Esteban Ocon 66th race 66th race
55%
Most podium finishes before first win 1 Flag of United Kingdom Lando Norris 15
53%
Most podium finishes without a World Championship 5 Flag of Argentina Carlos Reutemann 1972–1982 45
51%
Most podium finishes before first win 1 Flag of Finland Mika Häkkinen 15
51%
Oldest drivers to score a podium finish 10 Flag of Australia Jack Brabham 44 years, 107 days 1970 British
47%
Most podium finishes without a World Championship 9 Flag of Italy Riccardo Patrese 1977–1993 37
45%
Most races before scoring a podium finish 10 Flag of Australia Mark Webber 57th race 56th race
43%
Most podium finishes before first win 8 Flag of Brazil Rubens Barrichello 12
42%
Oldest drivers to score a podium finish 2 Flag of Monaco Louis Chiron 50 years, 291 days 1950 Monaco
40%
Most races without scoring a podium finish 2 Flag of Germany Adrian Sutil 128 4th
38%
Most races before scoring a podium finish 9 Flag of Brazil Felipe Massa 58th race 57th race
38%
Most podium finishes without a win 1 Flag of Germany Nick Heidfeld 183 13
38%
Oldest drivers to score a podium finish 5 Flag of Italy Giuseppe Farina 48 years, 218 days 1955 Belgian
34%
Most races before scoring a podium finish 3 Flag of Finland Mika Salo 73rd race 72nd race
32%
Most races before scoring a podium finish 6 Flag of Spain Pedro de la Rosa 67th race 66th race
30%
Oldest drivers to score a podium finish 1 Flag of Italy Luigi Fagioli 53 years, 22 days 1951 French
23%
Most races without scoring a podium finish 6 Flag of Sweden Marcus Ericsson 97 8th
23%
Most podium finishes without a win 3 Flag of New Zealand Chris Amon 97 11
21%
Most podium finishes before first win 6 Flag of United Kingdom Jenson Button 13
19%
Most podium finishes without a win 2 Flag of Sweden Stefan Johansson 79 12
19%
Most races before scoring a podium finish 5 Flag of United Kingdom Jenson Button 69th race 68th race
17%
Oldest drivers to score a podium finish 4 Flag of Italy Piero Taruffi 48 years, 334 days 1955 Italian
17%
Most podium finishes without a win 4 Flag of France Romain Grosjean 179 10
17%
Most podium finishes before first win 1 Flag of France Jean Alesi 15
15%
Most podium finishes without a win 9 Flag of Italy Andrea de Cesaris 208 5
13%
Most podium finishes without a win 5 Flag of the United States Eddie Cheever 132 9
13%
Most podium finishes without a win 5 Flag of United Kingdom Martin Brundle 158 9
13%
Most races without scoring a podium finish 7 Flag of Japan Ukyo Katayama 95 5th
13%
Most races before scoring a podium finish 2 Flag of United Kingdom Martin Brundle 98th race 91st race
11%
Most races without scoring a podium finish 5 Flag of Brazil Pedro Diniz 98 5th
11%
Most podium finishes without a win 10 Flag of United Kingdom Derek Warwick 147 4
9%
Most races without scoring a podium finish 9 Flag of Switzerland Marc Surer 82 4th
9%
Most podium finishes before first win 6 Flag of the United States Richie Ginther 13
9%
Oldest drivers to score a podium finish 7 Flag of Germany Karl Kling 44 years, 303 days 1955 British
8%
Oldest drivers to score a podium finish 8 Flag of France Louis Rosier 44 years, 225 days 1950 Belgian
8%
Most races without scoring a podium finish 3 Flag of Italy Pierluigi Martini 119 4th
8%
Most races without scoring a podium finish 8 Flag of United Kingdom Jonathan Palmer 83 4th
6%
Oldest drivers to score a podium finish 9 Flag of Italy Luigi Villoresi 44 years, 120 days 1953 Italian
6%
Most podium finishes before first win 1 Flag of France Patrick Depailler 15
6%
Oldest drivers to score a podium finish 3 Flag of Italy Felice Bonetto 49 years, 363 days 1953 Dutch
4%
Most podium finishes without a win 5 Flag of France Jean Behra 52 9
4%
Most races before scoring a podium finish 4 Flag of United Kingdom Johnny Herbert 70th race 67th race
4%
Most podium finishes without a win 8 Flag of Italy Luigi Villoresi 31 8
4%
Most races without scoring a podium finish 4 Flag of France Philippe Alliot 109 5th
4%
Most podium finishes before first win 1 Flag of United Kingdom Eddie Irvine 15
2%
Most races before scoring a podium finish 8 Flag of Italy Gianni Morbidelli 62nd race 60th race
0%
Most races without scoring a podium finish 10 Flag of Italy Vitantonio Liuzzi 80 6th
0%
No matching quizzes found
Score Distribution
Percent of People with Each Score
Percentile by Number Answered
Your Score History
You have not taken this quiz